E63(日高道)のIC - Statistics

General Stats
  • This quiz has been taken 48 times
    14 since last reset
  • The average score is 9 of 10
Answer Stats
日高道 % Correct
IC/JCT 苫小牧東
100%
IC 厚真
100%
IC 鵡川
100%
IC 沼ノ端西
86%
IC 沼ノ端東
86%
IC 苫東中央
86%
IC 新冠
86%
IC 日高富川
71%
IC 日高門別
71%
IC 日高厚賀
71%
No matching quizzes found
Score Distribution
Percent of People with Each Score
Percentile by Number Answered
Your Score History
You have not taken this quiz since the last reset